Diagnostika mikroprocesorů. 7 : Sborník prednášek

Gespeichert in:
Bibliographische Detailangaben
Format: Buch
Sprache:Tschechisch
Veröffentlicht: Praha : ČSVTS, 1986
Tags: Tag hinzufügen
Keine Tags, Fügen Sie das erste Tag hinzu!

MARC

LEADER 00000nam a22000003a 4500
001 stu86397
005 20141121203434.0
008 040428s1986------------------------cze-d
040 |a STU  |b slo 
041 0 |a cze 
080 |a 681.325.08 
080 |a 519.718.7  |7 stu_us_auth*stu475 
080 |a 681.518.5 
080 |a 061.3(08) 
245 |a Diagnostika mikroprocesorů. 7 :  |b Sborník prednášek 
260 |a Praha :  |b ČSVTS,  |c 1986 
300 |a 187 s 
996 |b I3257  |c I*3257  |l II680  |s A  |a 24  |w stu86397_0001